LEADER 01014nam a2200253 i 4500 001 000000122249 003 CaOOAMICUS 005 20241203144634.0 008 040128s1967 it u000 u ita u 013 $a94944 040 $aSeMil$bita 100 1 $aPhilipe, Anne.$0(OLS)http://semarc/name/50834 240 13$aLe temps d'un soupir.$0(OLS)http://semarc/title/180129 245 10$aBreve come un sospiro /$cAnne Philipe ; Traduzione di Giancarlo Buzzi. 260 $aMilano :$bMondadori,$c1967 (copyr. 1964) 300 $a146 p. ;$c19 cm. 700 1 $aBuzzi, Giancarlo,$d<1929-2015>.$0(OLS)http://semarc/name/17465 830 0$aOscar ;$v131.$0(OLS)http://semarc/title/8669 850 $aSeMil 852 $aSeMil$W1$xVenegono$y1$m1V I 383$j77249$B77249$CSeMilBibl$Z2$F78945 $81 961 $aRecupero: Seminario di Seveso 996 $6245$aBreve come un sospiro$9(OLS)http://semarc/title/180128 996 $6260$aMilano :$bMondadori$9(OLS)http://semarc/publisher/30335 LEADER 00808nam a2200181 i 4500 001 000000057436 003 CaOOAMICUS 005 19971007000000.0 008 971007n it u000 u ita u 013 $a28608 040 $aSeMil$bita 100 1 $aFederico : dell'Addolorata,$c.$0(OLS)http://semarc/name/29200 245 12$aL'infallibilitą pontificia secondo il Ven. P. Domenico della Madre di Dio (1792-1849) 650 4$aTesi di laurea.$0(OLS)http://semarc/subject/1690 650 4$aPapato - Infallibilitą.$0(OLS)http://semarc/subject/8957 850 $aSeMil 852 $aSeMil$W1$xVenegono$y1$m2I V 296$j23590$B23590$CSeMilBibl$Z2$F23592 $81 996 $6245$aL'infallibilitą pontificia secondo il Ven. P. Domenico della Madre di Dio (1792-1849)$9(OLS)http://semarc/title/89394